<?xml version="1.0" encoding="UTF-8"?>
<collection xmlns="http://www.loc.gov/MARC21/slim">
 <record>
  <leader>01423nam a2200205Ia 4500</leader>
  <controlfield tag="001">CTU_85021</controlfield>
  <controlfield tag="008">210402s9999    xx            000 0 und d</controlfield>
  <datafield tag="082" ind1=" " ind2=" ">
   <subfield code="a">636.7</subfield>
  </datafield>
  <datafield tag="082" ind1=" " ind2=" ">
   <subfield code="b">Th312</subfield>
  </datafield>
  <datafield tag="088" ind1=" " ind2=" ">
   <subfield code="a">60640101</subfield>
  </datafield>
  <datafield tag="100" ind1=" " ind2=" ">
   <subfield code="a">Ôn, Hoà Thịnh</subfield>
  </datafield>
  <datafield tag="245" ind1=" " ind2="0">
   <subfield code="a">Tình hình nhiễm gun sán ký sinh ở ống tiêu hóa chó tại thành phố Long Xuyên tỉnh An Giang</subfield>
  </datafield>
  <datafield tag="245" ind1=" " ind2="0">
   <subfield code="c">Ôn HoàThịnh ; Châu Bá Lộc (hướng dẫn khoa học)</subfield>
  </datafield>
  <datafield tag="260" ind1=" " ind2=" ">
   <subfield code="a">Cần Thơ</subfield>
  </datafield>
  <datafield tag="260" ind1=" " ind2=" ">
   <subfield code="b">Trường Đại học Cần Thơ</subfield>
  </datafield>
  <datafield tag="260" ind1=" " ind2=" ">
   <subfield code="c">1999</subfield>
  </datafield>
  <datafield tag="520" ind1=" " ind2=" ">
   <subfield code="a">Đề tài&quot;Tình hình nhiễm gun sán ký sinh ở ống tiêu hóa chó tại thành phố Long Xuyên tỉnh An Giang&quot; Gồm ba phần. Phần một , giới thiệu lịch sử nghiên cứu bệnh giun sán ký sinh trên chó. Phần hai, tác giả tiến hành nghiên cứu; xét nghiệm 244 mẫu phân chó nuôi tại thành phố Long Xuyên, tỉnh An Giang, kiểm tra mổ khám trên đường ống tiêu hoá của 124 chó với số mẫu giun sán thu được là 6.504 giun sán. Phần ba, là những phân tích đánh giá của tác giả đồng thời nêu lên những kiến nghị.</subfield>
  </datafield>
  <datafield tag="650" ind1=" " ind2=" ">
   <subfield code="a">Dogs</subfield>
  </datafield>
  <datafield tag="904" ind1=" " ind2=" ">
   <subfield code="i">Năm, QGieu</subfield>
  </datafield>
  <datafield tag="980" ind1=" " ind2=" ">
   <subfield code="a">Trung tâm Học liệu Trường Đại học Cần Thơ</subfield>
  </datafield>
 </record>
</collection>
